000 00699nam a2200253Ia 4500
003 OSt
005 20220918164733.0
006 a|||||r|||| 00| 0
007 ta
008 220917b |||||||| |||| 00| 0 eng d
020 _a0745312748 (hbk)
024 _a183,889
037 _cTextual
040 _aARTS
_cARTS
_beng
041 _2eng
_aeng
082 _aV491.N73, P1(SC)
100 _aGriffin Michael
_920406
245 0 _aReaping the whirlwind
_b the Taliban movement in Afghanistan
260 _aLondon
_bPluto press
_c2001
300 _axxi, 283p
_ccm.
650 _aHISTORY
942 _hV491.N73, P1(SC)
_cTEXL
_2CC
999 _c126284
_d126284